| 000 | 01543cam a22003011ia4500 | ||
|---|---|---|---|
| 003 | SA-RiAUC | ||
| 005 | 20240921120500.0 | ||
| 008 | 240917s2001 su f 000 0 ara c | ||
| 020 | _a9960862070 | ||
| 040 |
_aJO-AmJU _bara _cSA-RiAUC _erda |
||
| 082 | _a257.136 | ||
| 090 |
_a257.136 _bع ك ب |
||
| 100 | 1 |
_aالعكبري، عبد الله بن الحسين بن عبد الله، _d538-616 هجري _eمؤلف. |
|
| 245 | 1 | 0 |
_aرؤوس المسائل الخلافية بين جمهور الفقهاء / _cأبو المواهب الحسين بن محمد العكبري الحنبلي ؛ تحقيق خالد بن سعد فهد الخشلان، ناصر بن سعود السلامة. |
| 250 | _aالطبعة الأولى. | ||
| 264 | 1 |
_aالرياض : _bدار إشبيليا للنشر والتوزيع، _c2001 |
|
| 300 |
_a6 مجلد ؛ _c24 سم |
||
| 336 |
_aنص _btxt _2rdacontent _3كتاب |
||
| 337 |
_aبدون وسيط _bn _2rdamedia |
||
| 338 |
_aمجلد _bnc _2rdacarrier |
||
| 500 | _aالأصل أطروحة دكتوراه. | ||
| 650 | 7 |
_aالفقه الإسلامي _xمذاهب _2aucsh |
|
| 700 | 1 |
_aالخشلان، خالد بن سعد بن فهد، _d1382 هجري- _eمحقق. |
|
| 700 | 1 |
_aالسلامة، ناصر بن سعود بن عبد الله، _d1385 هجري- _eمحقق. |
|
| 700 | 1 | 2 |
_iتحقيق لـ (عمل) : _aالعكبري، عبد الله بن الحسين بن عبد الله، _d538-616 هجري. _tشرح لامية العرب |
| 942 |
_2ddc _cBOOK |
||
| 949 |
_aSA-JeALM _d240917 _umohamedma123 _n1 |
||
| 999 |
_c411 _d411 |
||